000 00559cam a22002051 4500
001 BD-DhSAU 5443
003 BD-DhSAU
005 20150415154939.0
008 720121s1953 nyuab b 000 0 eng
040 _aBD-DhSAU
082 _a620
_222
_bPUE
100 1 _aPutnam, Palmer Cosslett,
245 1 0 _aEnergy in the future /
_cPalmer Cosslett Putnam
260 _aNew York :
_bVan Nostrand ,
_c1953.
300 _ax, 556 p. :
_bill. ;
_c24 cm.
504 _aBibliography and index
590 _atamanna
650 0 _aPower resources.
650 0 _aPopulation.
942 _2ddc
_cBOOK
999 _c5443
_d5443